[Event "Transcontinental hivernal ABCDE"]
[Site "Montreal CAN"]
[Date "2018.02.25"]
[Round "5"]
[White "Chira, Dan"]
[Black "Page, Dany"]
[Result "1/2-1/2"]
[WhiteElo "1462"]
[BlackElo "1587"]
[PlyCount "48"]
[EventDate "2018.02.23"]
[EventType "tourn"]
[EventRounds "5"]
[EventCountry "CAN"]

1. d4 d5 2. Bf4 Nf6 3. e3 e6 4. Bd3 Bd6 5. Bg3 c5 6. c3 Nc6 7. Nf3 Bxg3 8. hxg3
c4 9. Bc2 Qb6 10. Qc1 Qc7 11. Nbd2 a6 12. Qb1 h6 13. Qc1 Bd7 14. Bb1 Ng4 15.
Nf1 e5 16. dxe5 Ngxe5 17. Nxe5 Nxe5 18. Qd2 O-O-O 19. Nh2 Kb8 20. Bc2 Rhe8 21.
O-O-O Ng4 22. Nxg4 Bxg4 23. f3 Be6 24. g4 Qb6 1/2-1/2

[Event "Transcontinental hivernal ABCDE"]
[Site "Montreal CAN"]
[Date "2018.02.25"]
[Round "5"]
[White "Lauzon, Francois"]
[Black "Pietka, Krystyn"]
[Result "1-0"]
[WhiteElo "1212"]
[BlackElo "1232"]
[PlyCount "57"]
[EventDate "2018.02.23"]
[EventType "tourn"]
[EventRounds "5"]
[EventCountry "CAN"]

1. d4 c6 2. Bf4 Nf6 3. e3 Nh5 4. Qxh5 h6 5. Bc4 e6 6. Nf3 Qa5+ 7. Qxa5 b6 8.
Qd2 d6 9. O-O Be7 10. Nc3 g5 11. Bg3 h5 12. h4 g4 13. Ng5 d5 14. Bd3 f6 15.
Bg6+ Kf8 16. Nxe6+ Bxe6 17. e4 Bd7 18. Bf5 Be8 19. e5 fxe5 20. dxe5 Kg7 21. e6
Na6 22. Be5+ Bf6 23. Qd4 Rf8 24. Bxf6+ Rxf6 25. Rae1 c5 26. Qe5 Rc8 27. Nxd5
Bb5 28. Qxf6+ Kg8 29. Ne7# 1-0

[Event "Transcontinental hivernal ABCDE"]
[Site "Montreal CAN"]
[Date "2018.02.25"]
[Round "5"]
[White "Milette, Patrick"]
[Black "Gil, Bernardo"]
[Result "1-0"]
[WhiteElo "1790"]
[BlackElo "1591"]
[PlyCount "93"]
[EventDate "2018.02.23"]
[EventType "tourn"]
[EventRounds "5"]
[EventCountry "CAN"]

1. c4 g6 2. g3 Bg7 3. Bg2 Nf6 4. Nc3 a6 5. Nf3 O-O 6. O-O d6 7. d4 Nbd7 8. e4
c5 9. d5 Nb6 10. Qd3 Bg4 11. h3 Bxf3 12. Bxf3 Nfd7 13. b3 Ne5 14. Qe3 Qd7 15.
Bg2 Qe8 16. Bb2 Ned7 17. Nd1 Bxb2 18. Nxb2 e5 19. dxe6 Qxe6 20. Rad1 Rae8 21.
Qd2 Nc8 22. Nd3 Nf6 23. e5 dxe5 24. Nxc5 Qb6 25. Nxb7 e4 26. Nd6 Rd8 27. Nxc8
Rxd2 28. Nxb6 Rxa2 29. Rd6 Kg7 30. Rxf6 Kxf6 31. Nd7+ Ke7 32. Nxf8 Kxf8 33.
Bxe4 f5 34. Bd5 Rb2 35. Ra1 Rxb3 36. Rxa6 Kg7 37. Ra7+ Kh6 38. Bg8 Kg5 39. Rxh7
Rb8 40. Bd5 f4 41. gxf4+ Kxf4 42. Kg2 g5 43. Rb7 Re8 44. Rb3 Re7 45. Rf3+ Ke5
46. Kg3 Kd4 47. Kg4 1-0

[Event "Transcontinental hivernal ABCDE"]
[Site "Montreal CAN"]
[Date "2018.02.25"]
[Round "5"]
[White "Sullivan, Neil"]
[Black "Turcotte, Jonathan"]
[Result "1-0"]
[WhiteElo "2091"]
[BlackElo "2044"]
[PlyCount "87"]
[EventDate "2018.02.23"]
[EventType "tourn"]
[EventRounds "5"]
[EventCountry "CAN"]

1. Nf3 d5 2. c4 c6 3. e3 Nf6 4. b4 Bf5 5. d4 e6 6. a3 Bd6 7. Bb2 O-O 8. Bd3
Bxd3 9. Qxd3 Nbd7 10. Nc3 a6 11. O-O Re8 12. e4 e5 13. cxd5 cxd5 14. Nxd5 Nxd5
15. dxe5 Bxe5 16. Nxe5 Nxe5 17. Bxe5 Rxe5 18. Rad1 Qd6 19. exd5 Rd8 20. Rfe1
Rde8 21. Rxe5 Rxe5 22. h3 g6 23. Qc4 Re7 24. g3 Rd7 25. Qd4 h5 26. Rd3 Rd8 27.
Re3 Kh7 28. Rd3 Rd7 29. Kg2 Rd8 30. Qc5 Kg7 31. Qd4+ Kh7 32. Kf3 Rd7 33. Qf4
Kg7 34. Qxd6 Rxd6 35. Ke4 Kf6 36. Rf3+ Ke7 37. Ke5 f6+ 38. Kd4 Kd7 39. h4 Ke7
40. a4 Kd7 41. Re3 Rb6 42. Kc5 Rd6 43. a5 g5 44. Re6 1-0

[Event "Trois-Rivieres op"]
[Site "Trois-Rivieres CAN"]
[Date "2018.03.16"]
[Round "1.1"]
[White "Durette, Francis"]
[Black "Mikhalevski, Victor"]
[Result "0-1"]
[WhiteElo "2128"]
[BlackElo "2557"]
[PlyCount "94"]
[EventDate "2018.03.16"]
[EventType "swiss"]
[EventRounds "5"]
[EventCountry "CAN"]

1. c4 e5 2. Nc3 Bb4 3. g3 Bxc3 4. dxc3 d6 5. Bg2 Ne7 6. e4 Be6 7. b3 Qc8 8. Be3
Nd7 9. Nf3 Nf6 10. Ng5 Bd7 11. Qd3 h6 12. Nf3 Nxe4 13. Nxe5 Nxf2 14. Kxf2 dxe5
15. Qe4 Nc6 16. Bc5 Bh3 17. Rhe1 Qe6 18. Rad1 Bxg2 19. Kxg2 Rd8 20. Rxd8+ Kxd8
21. Qd5+ Qd7 22. Rd1 Qxd5+ 23. cxd5 Ne7 24. c4 b6 25. Ba3 Nf5 26. Kf3 Kd7 27.
Ke4 Nd6+ 28. Bxd6 cxd6 29. Rf1 Ke7 30. h4 h5 31. Rf3 Rh6 32. b4 Rg6 33. Rc3
Rg4+ 34. Kf3 a5 35. a3 Rd4 36. Ke2 Kd7 37. Rc1 g6 38. Rc3 axb4 39. axb4 b5 40.
cxb5 Rxb4 41. Ke3 Rxb5 42. Rd3 f5 43. Kf2 Ke7 44. Rd2 Kf6 45. Ke3 Rb3+ 46. Kf2
e4 47. Kg2 Rd3 0-1

[Event "Trois-Rivieres op"]
[Site "Trois-Rivieres CAN"]
[Date "2018.03.16"]
[Round "1.2"]
[White "Sambuev, Bator"]
[Black "Tanaka, Tyler"]
[Result "1-0"]
[WhiteElo "2518"]
[BlackElo "2118"]
[PlyCount "47"]
[EventDate "2018.03.16"]
[EventType "swiss"]
[EventRounds "5"]
[EventCountry "CAN"]

1. d4 Nf6 2. c4 g6 3. Nc3 Bg7 4. e4 d6 5. Nf3 O-O 6. Be2 c5 7. O-O cxd4 8. Nxd4
Nc6 9. Be3 Bd7 10. Qd2 Nxd4 11. Bxd4 Bc6 12. Bd3 a5 13. Rfe1 Nd7 14. Bxg7 Kxg7
15. Re3 h6 16. b3 Nc5 17. Bc2 Qc7 18. Nd5 Bxd5 19. exd5 e5 20. dxe6 fxe6 21.
Rd1 Rad8 22. Rh3 h5 23. Qg5 Qf7 24. Rf3 1-0

[Event "Trois-Rivieres op"]
[Site "Trois-Rivieres CAN"]
[Date "2018.03.16"]
[Round "1.5"]
[White "Leger, Maxime"]
[Black "Voloaca, Mihnea"]
[Result "0-1"]
[WhiteElo "2046"]
[BlackElo "2341"]
[PlyCount "130"]
[EventDate "2018.03.16"]
[EventType "swiss"]
[EventRounds "5"]
[EventCountry "CAN"]

1. e4 g6 2. d4 Bg7 3. f4 c5 4. dxc5 Qa5+ 5. Bd2 Qxc5 6. Nc3 d6 7. Bb5+ Nc6 8.
Nd5 Kd8 9. Bc3 Bxc3+ 10. Nxc3 Qe3+ 11. Nge2 Nf6 12. Qd3 Ng4 13. Nd1 Qxd3 14.
Bxd3 Nb4 15. h3 Nf6 16. Ne3 b6 17. Rd1 Bb7 18. Nc3 Rc8 19. O-O Ke8 20. e5 Nxd3
21. Rxd3 Nd7 22. Rfd1 Nc5 23. R3d2 dxe5 24. fxe5 Kf8 25. Ned5 Kg7 26. e6 fxe6
27. Nxe7 Rc7 28. b4 Ne4 29. Nxe4 Bxe4 30. Rd7 Rxc2 31. Nf5+ Kf6 32. Nd6 Rxg2+
33. Kf1 Bc6 34. Rf7+ Kg5 35. Rc7 Rf8+ 36. Nf7+ Rxf7+ 37. Rxf7 Rxa2 38. Rxh7 a5
39. Rd6 Bd5 40. Rxb6 a4 41. Rb5 Kf4 42. Ra5 Ke3 43. Kg1 a3 44. Rha7 Ra1+ 45.
Kh2 a2 46. Ra3+ Kf2 47. Rf7+ Ke2 48. Rfa7 g5 49. R3a5 Kf2 50. Rf7+ Bf3 51.
Rxf3+ Kxf3 52. b5 e5 53. b6 e4 54. Rf5+ Ke3 55. Ra5 Rb1 56. Rxa2 Rxb6 57. Ra5
Kf4 58. Kg2 Rb2+ 59. Kf1 Rh2 60. Ra3 Rd2 61. Ke1 Rd3 62. Rxd3 exd3 63. Kd2 Kg3
64. Kxd3 Kxh3 65. Ke2 g4 0-1

[Event "Trois-Rivieres op"]
[Site "Trois-Rivieres CAN"]
[Date "2018.03.16"]
[Round "1.7"]
[White "Johnson-Constantin, Matthieu"]
[Black "Tomb, Maroun"]
[Result "0-1"]
[WhiteElo "2024"]
[BlackElo "2323"]
[PlyCount "82"]
[EventDate "2018.03.16"]
[EventType "swiss"]
[EventRounds "5"]
[EventCountry "CAN"]

1. e4 d6 2. d4 Nf6 3. Nc3 e5 4. Nf3 Nbd7 5. Bg5 Be7 6. Be2 c6 7. a4 O-O 8. O-O
Qc7 9. Re1 Re8 10. h3 Nf8 11. d5 Ng6 12. Qd2 a6 13. b4 cxd5 14. Bxf6 gxf6 15.
Nxd5 Qd8 16. a5 Be6 17. Nb6 Rb8 18. Nh2 Nf4 19. Bf3 Kh8 20. Ng4 Rg8 21. Kh2 Qf8
22. g3 h5 23. Ne3 Nxh3 24. Nf5 Bxf5 25. exf5 Ng5 26. Bxh5 Kg7 27. Kg2 Rh8 28.
Rh1 Qe8 29. f4 Qc6+ 30. Qd5 Qxc2+ 31. Kf1 Rxh5 32. Rxh5 Qxf5 33. Rc1 Qg4 34.
Rxg5+ fxg5 35. Rc7 Qxg3 36. Rxe7 Qxf4+ 37. Kg1 Rh8 38. Qg2 Qe3+ 39. Kf1 Rh3 40.
Rxf7+ Kxf7 41. Qd5+ Kg7 0-1

[Event "Trois-Rivieres op"]
[Site "Trois-Rivieres CAN"]
[Date "2018.03.16"]
[Round "1.9"]
[White "Xu, Daniel"]
[Black "Beaulieu, Eric"]
[Result "1-0"]
[WhiteElo "2006"]
[BlackElo "2307"]
[PlyCount "49"]
[EventDate "2018.03.16"]
[EventType "swiss"]
[EventRounds "5"]
[EventCountry "CAN"]

1. d4 d5 2. Nf3 Nf6 3. c4 e6 4. Bg5 Be7 5. e3 O-O 6. Nc3 h6 7. Bh4 b6 8. Bd3
Bb7 9. O-O Nbd7 10. Qe2 c5 11. cxd5 exd5 12. Rac1 c4 13. Bb1 a6 14. Qc2 b5 15.
Ne5 Nxe5 16. dxe5 Ne4 17. Bxe7 Qxe7 18. f3 Qxe5 19. fxe4 dxe4 20. Nxe4 f5 21.
Qc3 Qd5 22. Rcd1 b4 23. Qxb4 Qc6 24. Rd6 Qc7 25. Ng3 1-0

[Event "Trois-Rivieres op"]
[Site "Trois-Rivieres CAN"]
[Date "2018.03.16"]
[Round "1.11"]
[White "Saine, Zachary"]
[Black "Marin, Sam"]
[Result "1-0"]
[WhiteElo "1990"]
[BlackElo "2260"]
[PlyCount "97"]
[EventDate "2018.03.16"]
[EventType "swiss"]
[EventRounds "5"]
[EventCountry "CAN"]

1. e4 e5 2. Nf3 Nc6 3. Bc4 Nf6 4. Ng5 d5 5. exd5 b5 6. dxc6 bxc4 7. Nc3 Bg4 8.
f3 Bf5 9. Qe2 h6 10. Nge4 Nxe4 11. fxe4 Be6 12. b3 Qd6 13. Bb2 Qxc6 14. O-O-O
cxb3 15. axb3 Bd6 16. Qb5 Bd7 17. Qd5 Qxd5 18. Nxd5 c6 19. Ne3 f6 20. Nc4 Bc7
21. d4 Bg4 22. Rd2 exd4 23. Rxd4 Rd8 24. e5 Rxd4 25. Bxd4 Kf7 26. exf6 Rd8 27.
Be5 Bb6 28. fxg7 Be2 29. Nd6+ Kg6 30. Re1 Ba6 31. c4 Bc5 32. Ne4 Be7 33. Rf1
Bc8 34. Nf6 Ba3+ 35. Kc2 Kxg7 36. Ng4+ Kg6 37. Rf6+ Kg5 38. Nxh6 Re8 39. Nf7+
Kh5 40. h3 Bf8 41. g4+ Kh4 42. Rf3 Be7 43. Nd6 Rg8 44. Ne4 Bxg4 45. hxg4 Rxg4
46. Rf7 Rxe4 47. Rxe7 Re2+ 48. Kd3 Ra2 49. Rc7 1-0

[Event "Trois-Rivieres op"]
[Site "Trois-Rivieres CAN"]
[Date "2018.03.16"]
[Round "1.12"]
[White "Soudre, Nicolas"]
[Black "Turcotte, Jonathan"]
[Result "1/2-1/2"]
[WhiteElo "2258"]
[BlackElo "1953"]
[PlyCount "86"]
[EventDate "2018.03.16"]
[EventType "swiss"]
[EventRounds "5"]
[EventCountry "CAN"]

1. e4 c6 2. d4 d5 3. Nc3 dxe4 4. Nxe4 Bf5 5. Ng3 Bg6 6. h4 h6 7. Nf3 Nd7 8. h5
Bh7 9. Bd3 Bxd3 10. Qxd3 e6 11. Bd2 Ngf6 12. O-O-O Be7 13. Ne4 Nxe4 14. Qxe4
Nf6 15. Qe2 Qd5 16. c4 Qe4 17. Qxe4 Nxe4 18. Be3 f5 19. g3 Bg5 20. Rh2 Bxe3+
21. fxe3 O-O 22. Rg1 Rad8 23. b4 b6 24. Rb2 c5 25. bxc5 bxc5 26. Rb7 Rf7 27.
Rxf7 Kxf7 28. g4 f4 29. exf4 cxd4 30. Rd1 Nc3 31. Rd2 Kf6 32. Kc2 Nxa2 33. Rxd4
Nb4+ 34. Kc3 Rxd4 35. Nxd4 a5 36. g5+ hxg5 37. fxg5+ Kxg5 38. Nxe6+ Kxh5 39.
Nxg7+ Kg6 40. Ne6 Kf6 41. Nd4 Ke5 42. Nb3 Nc6 43. Nxa5 Nxa5 1/2-1/2

[Event "Trois-Rivieres op"]
[Site "Trois-Rivieres CAN"]
[Date "2018.03.16"]
[Round "1.13"]
[White "Mendoza, Armand Jess"]
[Black "Dukic, Zachary"]
[Result "0-1"]
[WhiteElo "1914"]
[BlackElo "2254"]
[PlyCount "56"]
[EventDate "2018.03.16"]
[EventType "swiss"]
[EventRounds "5"]
[EventCountry "CAN"]

1. d4 Nf6 2. Nf3 g6 3. Nc3 d5 4. Bf4 Bg7 5. e3 O-O 6. Be2 c5 7. Ne5 Qb6 8. a3
Nc6 9. Kf1 cxd4 10. Nxc6 bxc6 11. Na4 Qa5 12. Qxd4 Ne4 13. Qb4 Qd8 14. f3 c5
15. Qe1 e5 16. Bg3 Nxg3+ 17. hxg3 c4 18. Rd1 d4 19. Bxc4 Qc7 20. b3 dxe3 21.
Qxe3 Bf5 22. g4 Rad8 23. Kf2 Bxc2 24. Rc1 e4 25. Kf1 exf3 26. gxf3 Rfe8 27. Qc5
Qf4 28. Bxf7+ Qxf7 0-1

[Event "Trois-Rivieres op"]
[Site "Trois-Rivieres CAN"]
[Date "2018.03.16"]
[Round "1.14"]
[White "Poulin, Mathieu"]
[Black "Bernatchez, Dan"]
[Result "1-0"]
[WhiteElo "2246"]
[BlackElo "1905"]
[PlyCount "29"]
[EventDate "2018.03.16"]
[EventType "swiss"]
[EventRounds "5"]
[EventCountry "CAN"]

1. d4 Nf6 2. c4 e6 3. Nc3 Bb4 4. e3 b6 5. Bd3 Bb7 6. f3 d5 7. Nge2 O-O 8. O-O
Be7 9. e4 c5 10. cxd5 exd5 11. e5 Nfd7 12. f4 f5 13. Kh1 cxd4 14. Nxd4 Nc5 15.
Bxf5 1-0

[Event "Trois-Rivieres op"]
[Site "Trois-Rivieres CAN"]
[Date "2018.03.16"]
[Round "1.15"]
[White "Wilkin, Alain"]
[Black "Masse, Hugues"]
[Result "0-1"]
[WhiteElo "1903"]
[BlackElo "2223"]
[PlyCount "118"]
[EventDate "2018.03.16"]
[EventType "swiss"]
[EventRounds "5"]
[EventCountry "CAN"]

1. c4 e5 2. Nc3 Nf6 3. g3 d5 4. cxd5 Nxd5 5. Bg2 Nb6 6. Nf3 Nc6 7. d3 Be7 8. a3
O-O 9. O-O Be6 10. Be3 f5 11. b4 Bf6 12. Rc1 Nd4 13. Bxd4 exd4 14. Na4 Nxa4 15.
Qxa4 a6 16. Qc2 c6 17. Nd2 Bg5 18. Rb1 Bd5 19. Bxd5+ Qxd5 20. Nf3 Bf6 21. Qb3
Rad8 22. Qxd5+ Rxd5 23. Rfc1 g5 24. Rc5 Rfd8 25. Rxd5 Rxd5 26. Nd2 Bd8 27. Nb3
Bb6 28. Kf1 Kf7 29. Nd2 Ke6 30. Nc4 Bd8 31. Ke1 b5 32. Nd2 a5 33. Nb3 axb4 34.
axb4 Be7 35. Na5 Kd7 36. Kd1 f4 37. Kc2 fxg3 38. hxg3 Re5 39. Kd1 h5 40. Rc1
Re6 41. Nb3 Bxb4 42. Nxd4 Rf6 43. f4 gxf4 44. gxf4 Rxf4 45. Nf3 Rf5 46. Ra1 Bc5
47. Ra8 Rf8 48. Ra6 Kc7 49. Kc2 Rh8 50. Ra1 h4 51. Rh1 h3 52. Ng5 h2 53. d4 Bd6
54. e4 Bg3 55. Kd3 Rg8 56. Nf3 Rf8 57. Ke2 b4 58. Ng5 Rf2+ 59. Kd3 b3 {time}
0-1

[Event "Trois-Rivieres op"]
[Site "Trois-Rivieres CAN"]
[Date "2018.03.16"]
[Round "1.16"]
[White "Zheng, Richard"]
[Black "Paradis, Sylvain"]
[Result "1-0"]
[WhiteElo "2217"]
[BlackElo "1882"]
[PlyCount "59"]
[EventDate "2018.03.16"]
[EventType "swiss"]
[EventRounds "5"]
[EventCountry "CAN"]

1. e4 Nf6 2. Nc3 d5 3. e5 Ne4 4. Nxe4 dxe4 5. d4 exd3 6. Bxd3 e6 7. Nf3 Be7 8.
O-O Bd7 9. b3 Bc6 10. Bb2 Bc5 11. a3 a5 12. Qe2 Qe7 13. c3 O-O 14. b4 Bb6 15.
b5 Bd7 16. Qe4 g6 17. Qxb7 Ra7 18. Qe4 c6 19. c4 a4 20. Bc1 f5 21. exf6 Qxf6
22. Rb1 cxb5 23. cxb5 Rc8 24. Bb2 Qf5 25. Qe2 Qh5 26. Bc4 Re8 27. Qd3 Bc5 28.
Qc3 Qh6 29. Qh8+ Kf7 30. Ng5+ 1-0

[Event "Trois-Rivieres op"]
[Site "Trois-Rivieres CAN"]
[Date "2018.03.16"]
[Round "1.17"]
[White "Dube, Daniel"]
[Black "Ouellet, Maili-Jade"]
[Result "0-1"]
[WhiteElo "1871"]
[BlackElo "2173"]
[PlyCount "56"]
[EventDate "2018.03.16"]
[EventType "swiss"]
[EventRounds "5"]
[EventCountry "CAN"]

1. d4 d5 2. Nf3 Nf6 3. Bf4 c6 4. e3 Bf5 5. Bd3 Bxd3 6. cxd3 g6 7. Nc3 Bg7 8.
Be5 Nbd7 9. O-O O-O 10. b4 Nxe5 11. Nxe5 Qd6 12. Qb3 Rac8 13. Qa3 Rfd8 14. Rab1
Qb8 15. Rfc1 Ne8 16. f4 a6 17. Qb3 Nd6 18. Na4 Nf5 19. Kf2 g5 20. Nb6 gxf4 21.
Nxc8 fxe3+ 22. Kg1 Nxd4 23. Nxe7+ Kf8 24. N7xc6 bxc6 25. Nxc6 Nxb3 26. Nxb8
Nxc1 27. Nc6 Ne2+ 28. Kf1 Nc3 0-1

[Event "Trois-Rivieres op"]
[Site "Trois-Rivieres CAN"]
[Date "2018.03.16"]
[Round "1.18"]
[White "Bolduc, Steve"]
[Black "Dumouchel, Alain"]
[Result "1-0"]
[WhiteElo "2159"]
[BlackElo "1863"]
[PlyCount "74"]
[EventDate "2018.03.16"]
[EventType "swiss"]
[EventRounds "5"]
[EventCountry "CAN"]

1. f4 d5 2. Nf3 Nf6 3. g3 g6 4. Bg2 Bg7 5. O-O O-O 6. d3 c5 7. Nc3 Nc6 8. Bd2
Rb8 9. e4 dxe4 10. dxe4 e5 11. h3 Nh5 12. Kh2 exf4 13. gxf4 f5 14. e5 Bh6 15.
Ne2 Be6 16. b3 Qe7 17. c3 Rfd8 18. Qc2 Rd7 19. Rad1 Rbd8 20. Be3 Rxd1 21. Rxd1
Rxd1 22. Qxd1 Kf7 23. Qd2 b6 24. Ng5+ Bxg5 25. Bxc6 Bh6 26. c4 Qc7 27. Bf3 Ng7
28. Kg2 Qd7 29. Nc3 Qxd2+ 30. Bxd2 Bd7 31. Nd5 Ne8 32. a4 Bc6 33. a5 Bxd5 34.
cxd5 bxa5 35. Kg3 g5 36. fxg5 Bg7 37. Kf4 c4 1-0

[Event "Trois-Rivieres op"]
[Site "Trois-Rivieres CAN"]
[Date "2018.03.16"]
[Round "1.19"]
[White "Trottier, Yves"]
[Black "Chabot, Roland"]
[Result "1/2-1/2"]
[WhiteElo "1861"]
[BlackElo "2150"]
[PlyCount "81"]
[EventDate "2018.03.16"]
[EventType "swiss"]
[EventRounds "5"]
[EventCountry "CAN"]

1. e4 d6 2. g3 Nf6 3. Bg2 e5 4. d3 Be7 5. f4 c6 6. Nc3 O-O 7. Nf3 exf4 8. Bxf4
d5 9. a3 Na6 10. Ne5 Nc7 11. exd5 Ncxd5 12. Nxd5 Nxd5 13. Bxd5 Qxd5 14. Qf3
Qa5+ 15. c3 Bf6 16. d4 Be6 17. O-O Qd5 18. Qxd5 Bxd5 19. Rae1 Be6 20. Rf2 Rfd8
21. Rfe2 Rac8 22. Kf2 h6 23. Bc1 c5 24. Be3 b6 25. Nf3 a5 26. dxc5 bxc5 27. Rd2
Rxd2+ 28. Bxd2 Rb8 29. Bc1 Be7 30. Rd1 f5 31. Ne5 c4 32. Nc6 Bc5+ 33. Nd4 Bd5
34. Kf1 Be4 35. Ne6 Be7 36. Rd7 Bf6 37. Nd4 Bd3+ 38. Kf2 h5 39. Rd5 Re8 40. Be3
Rb8 41. Bc1 1/2-1/2

[Event "Trois-Rivieres op"]
[Site "Trois-Rivieres CAN"]
[Date "2018.03.16"]
[Round "1.20"]
[White "Saha, Ananda"]
[Black "Mahdjoubi, Abdelaziz"]
[Result "0-1"]
[WhiteElo "2149"]
[BlackElo "1854"]
[PlyCount "106"]
[EventDate "2018.03.16"]
[EventType "swiss"]
[EventRounds "5"]
[EventCountry "CAN"]

1. d4 Nf6 2. c4 e5 3. dxe5 Ng4 4. Bf4 Bb4+ 5. Nd2 d6 6. exd6 Qf6 7. e3 Bxd6 8.
Nh3 Qxb2 9. Bxd6 cxd6 10. Be2 Ne5 11. Nf4 Nbc6 12. Nd5 O-O 13. Qc1 Qxc1+ 14.
Rxc1 Bf5 15. O-O Rac8 16. Nb3 Rfe8 17. Rfd1 f6 18. Rd2 Be6 19. Nf4 Bf7 20. Rxd6
Nb4 21. Nd2 Nxa2 22. Ra1 Nxc4 23. Bxc4 Bxc4 24. Rd7 Ba6 25. h3 Rc2 26. Nh5 Kf8
27. Nf3 Re7 28. Rd8+ Kf7 29. Nd4 Rc1+ 30. Rxc1 Nxc1 31. Nf5 Ne2+ 32. Kh2 g6 33.
Nh6+ Ke6 34. Ng3 Nxg3 35. Kxg3 b5 36. Rd4 Bb7 37. Rb4 Bc6 38. f4 a5 39. Rd4 Rd7
40. f5+ gxf5 41. Rf4 Be4 42. Kh4 b4 43. g4 b3 44. gxf5+ Kd5 45. Ng4 Rf7 46. Nf2
Bc2 47. Rd4+ Kc5 48. Rd2 a4 49. Rd8 a3 50. Rc8+ Kb4 51. Rb8+ Kc3 52. Rc8+ Kb2
53. Ra8 a2 0-1

[Event "Trois-Rivieres op"]
[Site "Trois-Rivieres CAN"]
[Date "2018.03.17"]
[Round "2.1"]
[White "Mikhalevski, Victor"]
[Black "Poulin, Mathieu"]
[Result "1-0"]
[WhiteElo "2557"]
[BlackElo "2246"]
[PlyCount "51"]
[EventDate "2018.03.16"]
[EventType "swiss"]
[EventRounds "5"]
[EventCountry "CAN"]

1. c4 Nf6 2. Nf3 e6 3. g3 d5 4. Bg2 Be7 5. O-O O-O 6. b3 c5 7. e3 Nc6 8. Bb2
Re8 9. d4 b6 10. Nc3 Bb7 11. cxd5 exd5 12. Ne5 Bf8 13. Nxd5 Nxd5 14. Nxf7 Kxf7
15. Qh5+ Kg8 16. Bxd5+ Kh8 17. Qf7 Be7 18. dxc5 Bf6 19. Bxf6 gxf6 20. cxb6 Ne5
21. Qxb7 Rb8 22. Qa6 Qxd5 23. bxa7 Nf3+ 24. Kh1 Rbd8 25. Rad1 Ne1+ 26. Rxd5 1-0

[Event "Trois-Rivieres op"]
[Site "Trois-Rivieres CAN"]
[Date "2018.03.17"]
[Round "2.2"]
[White "Masse, Hugues"]
[Black "Sambuev, Bator"]
[Result "0-1"]
[WhiteElo "2223"]
[BlackElo "2518"]
[PlyCount "62"]
[EventDate "2018.03.16"]
[EventType "swiss"]
[EventRounds "5"]
[EventCountry "CAN"]

1. c4 e5 2. g3 Nc6 3. Bg2 g6 4. Nc3 Bg7 5. e4 d6 6. Nge2 h5 7. h4 Bg4 8. f3 Be6
9. d3 f5 10. Bg5 Nf6 11. Nd5 O-O 12. Qd2 Ne7 13. d4 fxe4 14. fxe4 Nfxd5 15.
cxd5 Bg4 16. dxe5 dxe5 17. Rf1 Qd6 18. O-O-O c6 19. dxc6 Qxd2+ 20. Rxd2 Nxc6
21. Nc3 Rxf1+ 22. Bxf1 Rf8 23. Bc4+ Kh7 24. Nd5 Nd4 25. Ne3 Bh6 26. Bxh6 Kxh6
27. Nc2 Rc8 28. Bd5 b6 29. Kb1 Ne2 30. Rd3 Rf8 31. a3 Rf1+ 0-1

[Event "Trois-Rivieres op"]
[Site "Trois-Rivieres CAN"]
[Date "2018.03.17"]
[Round "2.5"]
[White "Voloaca, Mihnea"]
[Black "Bolduc, Steve"]
[Result "0-1"]
[WhiteElo "2341"]
[BlackElo "2159"]
[PlyCount "54"]
[EventDate "2018.03.16"]
[EventType "swiss"]
[EventRounds "5"]
[EventCountry "CAN"]

1. Nf3 Nf6 2. g3 b6 3. Bg2 Bb7 4. O-O c5 5. d3 d6 6. e4 Nbd7 7. Nh4 Qc7 8. f4
e6 9. f5 exf5 10. Nxf5 h6 11. Nc3 a6 12. Bf4 g6 13. Qe2 O-O-O 14. Nxd6+ Bxd6
15. e5 Nxe5 16. Bxb7+ Kxb7 17. Bxh6 Nfg4 18. Bg7 Rh7 19. Bf6 Nxf6 20. Rxf6 Be7
21. Qe4+ Kb8 22. Rf2 f5 23. Qa4 Ng4 24. Rf4 Bf6 25. Qxa6 Qb7 26. Qb5 Rxh2 27.
Ne4 Bd4+ 0-1

[Event "Trois-Rivieres op"]
[Site "Trois-Rivieres CAN"]
[Date "2018.03.17"]
[Round "2.6"]
[White "Tomb, Maroun"]
[Black "Xu, Daniel"]
[Result "1/2-1/2"]
[WhiteElo "2323"]
[BlackElo "2006"]
[PlyCount "73"]
[EventDate "2018.03.16"]
[EventType "swiss"]
[EventRounds "5"]
[EventCountry "CAN"]

1. e4 e5 2. Nf3 Nc6 3. Bb5 a6 4. Ba4 Nf6 5. d4 exd4 6. O-O Be7 7. e5 Ne4 8.
Nxd4 Nc5 9. Nf5 g6 10. Nxe7 Qxe7 11. Nc3 O-O 12. Bxc6 dxc6 13. Re1 Bf5 14. Qf3
Qh4 15. h3 Bxc2 16. Re2 Bd3 17. Re3 Rad8 18. g3 Qd4 19. Re1 Bf5 20. g4 Nd3 21.
Be3 Nxe1 22. Rxe1 Qxe5 23. gxf5 Qxf5 24. Qxf5 gxf5 25. Kg2 Rfe8 26. Kf3 f6 27.
Ne2 Kf7 28. Ng3 Rd5 29. Rc1 Ra5 30. a3 Rb5 31. Rc2 a5 32. Kf4 Ree5 33. Bd4 Red5
34. Bc3 Rbc5 35. Re2 Rc4+ 36. Kf3 Rd3+ 37. Re3 1/2-1/2

[Event "Trois-Rivieres op"]
[Site "Trois-Rivieres CAN"]
[Date "2018.03.17"]
[Round "2.8"]
[White "Dukic, Zachary"]
[Black "Lafleche, Alain"]
[Result "1-0"]
[WhiteElo "2254"]
[BlackElo "1691"]
[PlyCount "103"]
[EventDate "2018.03.16"]
[EventType "swiss"]
[EventRounds "5"]
[EventCountry "CAN"]

1. e4 e5 2. Nf3 Nc6 3. Bb5 a6 4. Ba4 Nf6 5. O-O Be7 6. d3 b5 7. Bb3 h6 8. Nc3
d6 9. a3 Bd7 10. Re1 Qb8 11. Nd5 Bd8 12. d4 Bg4 13. c3 O-O 14. Nxf6+ Bxf6 15.
Bd5 Qe8 16. dxe5 dxe5 17. Bxc6 Qxc6 18. Nxe5 Bxd1 19. Nxc6 Bb3 20. Bf4 g5 21.
Bxc7 Rfe8 22. Nd4 Bc4 23. Nf5 Re6 24. Nxh6+ Kg7 25. Ng4 Be7 26. Rad1 Rc8 27.
Be5+ f6 28. Bd4 Kg6 29. f3 Bb3 30. Rd2 Rd8 31. Ne3 Bd6 32. g3 Bf8 33. Nf5 g4
34. fxg4 Rde8 35. Rde2 Bd5 36. e5 fxe5 37. Rxe5 Rxe5 38. Rxe5 Rxe5 39. Bxe5 Be4
40. Bd6 Bxd6 41. Nxd6 Bf3 42. h3 Kf6 43. Kf2 Bd5 44. Ke3 Bg2 45. Ne4+ Ke5 46.
Nf2 Kd5 47. h4 Kc4 48. h5 Bd5 49. g5 Bf7 50. g6 Be8 51. Ne4 Kb3 52. Nf6 1-0

[Event "Trois-Rivieres op"]
[Site "Trois-Rivieres CAN"]
[Date "2018.03.17"]
[Round "2.9"]
[White "Fortier, Marc-Andre"]
[Black "Saine, Zachary"]
[Result "1-0"]
[WhiteElo "2229"]
[BlackElo "1990"]
[PlyCount "89"]
[EventDate "2018.03.16"]
[EventType "swiss"]
[EventRounds "5"]
[EventCountry "CAN"]

1. e4 e5 2. Nf3 Nc6 3. Bb5 a6 4. Ba4 Nf6 5. O-O Be7 6. Re1 b5 7. Bb3 d6 8. c3
O-O 9. h3 Na5 10. Bc2 c5 11. d4 Qc7 12. Nbd2 cxd4 13. cxd4 Nc6 14. d5 Nb4 15.
Bb1 a5 16. Nf1 Bd7 17. Bd2 Na6 18. g4 Rfc8 19. Ng3 h6 20. Nf5 Bxf5 21. gxf5 Qc5
22. a3 a4 23. Be3 Qc7 24. Kh2 Nd7 25. Rg1 Kf8 26. Nd2 Bf6 27. Qh5 Nac5 28. Bc2
Nb6 29. Rg3 Ke7 30. Rag1 Rh8 31. Rxg7 Bxg7 32. Rxg7 Raf8 33. Bxh6 Ncd7 34. Bd3
Qc5 35. Bg5+ Ke8 36. Qe2 b4 37. Be3 Qa5 38. Bb5 bxa3 39. bxa3 Rfg8 40. Rxg8+
Rxg8 41. Nc4 Nxc4 42. Qxc4 Ke7 43. Bxd7 Kxd7 44. Qc6+ Ke7 45. f6+ 1-0